| 000 | 01651cam a2200361 a 4500 | ||
|---|---|---|---|
| 003 | EG-GiCUC | ||
| 008 | 100322s2003 ts ab f 001 0 ara d | ||
| 040 |
_aEG-GiCUC _bara _cEG-GiCUC |
||
| 041 |
_a{u200F}ara{u200F} _h{u200F}eng{u200F} |
||
| 043 | _aa-ye--- | ||
| 050 | 4 |
_aDS318.9 _bB83 2000 |
|
| 092 | 0 | 4 |
_a303.30955{u200F} _bB921 _221 |
| 099 |
_a04 _a303.30955{u200F} B921 |
||
| 100 | 1 | _aبوختا : ويلفريد | |
| 245 | 1 | 0 |
_aمن يحكم ايران؟ : _bبنية السلطة فى الجمهورية الاسلامية الايرانية / _cويلفريد بوختا |
| 250 | _aط1 | ||
| 260 |
_aابوظبى : _b مركز الامارات للدراسات والبحوث الاستراتيجية : _c2003 |
||
| 300 |
_a333ص : _bايض : خرائط ؛ _c24سم |
||
| 490 | 1 |
_aدراسات مترجمة ؛ _v17 |
|
| 504 | _aيشتمل على ارجاعات ببليوجرافيه(ص325-333) و كشاف | ||
| 546 | _aالترجمة العربية لـ:Who Rules Iran? the structure of power in the Islamic Republic | ||
| 650 | 7 |
_aالاسلام و السياسة _zايران _2qrmak |
|
| 650 | 7 |
_aالبناء الاجتماعى _2qrmak |
|
| 650 | 7 |
_aالتغير الاجتماعى _2qrmak |
|
| 651 | 7 |
_aايران _xالسياسة والحكومة _y1997- _2qrmak |
|
| 651 | 7 |
_aايران _xتاريخ _yالعصر الحديث _2qrmak |
|
| 830 | 0 |
_aدراسات مترجمة ؛ _v17 |
|
| 902 | _a3 | ||
| 905 |
_aجيهان _eمراجع |
||
| 905 |
_aعبير _eمدخل |
||
| 942 |
_2ddc _cBK |
||
| 999 |
_c118505 _d118505 |
||